[Event "Wch U16 Girls blitz"]
[Site "Batumi"]
[Date "2023.06.11"]
[Round "10"]
[White "Bakhtiyarova, Shakhzoda"]
[Black "Guo, Ella"]
[Result "0-1"]
[WhiteElo "1325"]
[BlackElo "1505"]
[PlyCount "142"]
[EventDate "2023.06.10"]
[EventType "swiss (blitz)"]
[EventRounds "11"]
[EventCountry "GEO"]
[SourceTitle "EXT 2024"]
[Source "ChessBase"]
[SourceDate "2023.10.10"]
[SourceVersion "1"]
[SourceVersionDate "2023.10.10"]
[SourceQuality "1"]
[WhiteTeam "Uzbekistan"]
[BlackTeam "United States"]
[WhiteTeamCountry "UZB"]
[BlackTeamCountry "USA"]

1. d4 d5 2. Nc3 Nf6 3. Bf4 c6 4. e3 e6 5. g4 h6 6. Bg2 Be7 7. h3 Nbd7 8. Nf3 b6 9. 0-0 Bb7 10. Ne2 Nh7 11. Ne5 0-0 12. Kh1 c5 13. c3 Rc8 14. Rc1 Re8 15. Ng1 Nxe5 16. Bxe5 Bc6 17. Nf3 Bb5 18. Re1 Ng5 19. Nxg5 Bxg5 20. a4 Ba6 21. Ra1 cxd4 22. exd4 Kh8 23. Bg3 Bb7 24. Rf1 Be7 25. Re1 Bd6 26. Bxd6 Qxd6 27. Qd2 Qc7 28. f4 Ba6 29. Rad1 Bc4 30. Ra1 a5 31. Qe3 Ba6 32. Rac1 Qd7 33. b3 Rc7 34. Rc2 Rec8 35. Rec1 Bb7 36. Qd2 Kg8 37. Kg1 Qe7 38. Qe3 Qa3 39. Qd2 Qxb3 40. Rb2 Qxa4 41. Rxb6 Qd7 42. Rb2 a4 43. Ra2 Ba6 44. Bf1 Bxf1 45. Kxf1 Qb5+ 46. Kg2 Rb7 47. Rcc2 Qc6 48. Ra3 Rb3 49. Raa2 a3 50. Kg3 Rxc3+ 51. Rxc3 Qxc3+ 52. Qxc3 Rxc3+ 53. Kf2 Rxh3 54. Kg2 Rd3 55. Kf2 Rxd4 56. Rxa3 Rxf4+ 57. Kg3 Re4 58. Kf3 Kh7 59. Ra7 Kg6 60. Ra6 Kf6 61. Rb6 Ke5 62. Rb7 Rf4+ 63. Kg3 Rf6 64. Rb4 d4 65. Rb5+ Ke4 66. Rb4 Ke3 67. Rb3+ d3 68. Rc3 Kd2 69. Ra3 Ke2 70. Ra1 d2 71. Ra2 Ke1 0-1

[Event "Wch U16 Girls rapid"]
[Site "Batumi"]
[Date "2023.06.08"]
[Round "10"]
[White "Hayrapetyan, Nvard"]
[Black "Bakhtiyarova, Shakhzoda"]
[Result "1-0"]
[WhiteElo "1598"]
[BlackElo "1241"]
[PlyCount "72"]
[EventDate "2023.06.06"]
[EventType "swiss (rapid)"]
[EventRounds "11"]
[EventCountry "GEO"]
[SourceTitle "EXT 2024"]
[Source "ChessBase"]
[SourceDate "2023.10.10"]
[SourceVersion "1"]
[SourceVersionDate "2023.10.10"]
[SourceQuality "1"]
[WhiteTeam "Armenia"]
[BlackTeam "Uzbekistan"]
[WhiteTeamCountry "ARM"]
[BlackTeamCountry "UZB"]

1. d4 e6 2. c4 Nf6 3. Nf3 b6 4. g3 Bb7 5. Bg2 Be7 6. 0-0 0-0 7. d5 exd5 8. Nh4 d6 9. Nc3 Nbd7 10. cxd5 a5 11. Nf5 Ba6 12. Re1 Re8 13. e4 Ne5 14. f4 Ng6 15. Kh1 Bf8 16. Be3 Bc8 17. Nd4 Bb7 18. Rc1 Nd7 19. Bf2 Rc8 20. Ncb5 Nc5 21. b3 c6 22. Na7 Rc7 23. Naxc6 Bxc6 24. Nxc6 Qc8 25. a3 Qb7 26. b4 axb4 27. axb4 Nd7 28. Qc2 Rec8 29. Qb2 Ra8 30. Ra1 Rcc8 31. Bd4 f6 32. Bh3 Kh8 33. Rxa8 Rxa8 34. Ra1 Rxa1+ 35. Qxa1 b5 36. Qa5 Ne7 1-0